[Event "Cannes op"]
[Site "Cannes FRA"]
[Date "1990.??.??"]
[Round "4"]
[White "Bernard, Christophe"]
[Black "Spraggett, Kevin"]
[Result "0-1"]
[WhiteElo "2340"]
[BlackElo "2555"]
[PlyCount "74"]
[EventDate "1990.02.??"]
[EventType "swiss"]
[EventRounds "9"]
[EventCountry "FRA"]

1. d4 Nf6 2. Nf3 d6 3. c4 Nbd7 4. Nc3 c6 5. Bg5 h6 6. Bh4 g5 7. Bg3 Nh5 8. e3
Bg7 9. Qc2 Ndf6 10. Be2 O-O 11. a3 Ng4 12. Nd2 f5 13. Bxg4 fxg4 14. O-O Bf5 15.
Qb3 Qd7 16. Rfe1 Bg6 17. Nf1 Rf7 18. Rad1 Raf8 19. Rd2 Nxg3 20. Nxg3 h5 21.
Nge4 Bh6 22. d5 c5 23. Qd1 h4 24. b4 b6 25. bxc5 bxc5 26. Rb2 Bg7 27. Ra2 Qf5
28. Rf1 Rb8 29. Ra1 Rb2 30. Rb1 Bxc3 31. Nxc3 Rxf2 32. e4 Qf6 33. Rxf2 Qxf2+
34. Kh1 h3 35. gxh3 Rf3 36. Qe2 g3 37. hxg3 Qxg3 0-1

[Event "Cannes op"]
[Site "Cannes FRA"]
[Date "1990.??.??"]
[Round "6"]
[White "Cvitan, Ognjen"]
[Black "Spraggett, Kevin"]
[Result "1/2-1/2"]
[WhiteElo "2525"]
[BlackElo "2555"]
[PlyCount "41"]
[EventDate "1990.02.??"]
[EventType "swiss"]
[EventRounds "9"]
[EventCountry "FRA"]

1. Nf3 g6 2. d4 Bg7 3. c4 d6 4. Nc3 Nf6 5. g3 O-O 6. Bg2 Nbd7 7. O-O e5 8. e4
exd4 9. Nxd4 Re8 10. h3 Nc5 11. Re1 a5 12. Qc2 c6 13. Be3 a4 14. Rab1 Qe7 15.
Rbd1 Qc7 16. b4 axb3 17. axb3 Na6 18. Qd2 Nc5 19. Qc2 Na6 20. Na2 Nc5 21. Nc3
1/2-1/2

[Event "Cannes op"]
[Site "Cannes FRA"]
[Date "1990.??.??"]
[Round "8"]
[White "Rausis, Igors"]
[Black "Spraggett, Kevin"]
[Result "1/2-1/2"]
[WhiteElo "2470"]
[BlackElo "2555"]
[PlyCount "69"]
[EventDate "1990.02.??"]
[EventType "swiss"]
[EventRounds "9"]
[EventCountry "FRA"]

1. d4 d6 2. Nf3 Nf6 3. g3 g6 4. Bg2 Bg7 5. O-O O-O 6. b3 Nbd7 7. Bb2 c6 8. Nbd2
c5 9. e3 Qc7 10. c4 e6 11. Qc2 cxd4 12. Nxd4 a6 13. Rfd1 Ne5 14. Ne4 Nxe4 15.
Qxe4 Rb8 16. Qc2 Rd8 17. Rac1 Bd7 18. c5 d5 19. Nf3 Nxf3+ 20. Bxf3 Bc6 21. Bxg7
Kxg7 22. b4 e5 23. a4 d4 24. Bxc6 Qxc6 25. exd4 exd4 26. Qc4 Qxa4 27. Rxd4 Rxd4
28. Qxd4+ Kg8 29. h4 h5 30. Ra1 Qc6 31. Rd1 Re8 32. Qf4 Kg7 33. Qd4+ Kg8 34.
Qf4 Kg7 35. Qd4+ 1/2-1/2

[Event "Cannes op"]
[Site "Cannes FRA"]
[Date "1990.??.??"]
[Round "9"]
[White "Spraggett, Kevin"]
[Black "Haik, Aldo"]
[Result "1-0"]
[WhiteElo "2555"]
[BlackElo "2400"]
[PlyCount "83"]
[EventDate "1990.02.??"]
[EventType "swiss"]
[EventRounds "9"]
[EventCountry "FRA"]

1. c4 g6 2. g3 c5 3. Bg2 Bg7 4. Nc3 Nc6 5. a3 Nh6 6. Rb1 Nf5 7. e3 O-O 8. Nge2
a5 9. O-O d6 10. b3 Bd7 11. Bb2 Rb8 12. Nb5 Bxb2 13. Rxb2 a4 14. bxa4 Na5 15.
d3 Bc6 16. e4 Ng7 17. Nec3 e5 18. Nd5 Bxd5 19. exd5 f5 20. Qd2 Ra8 21. f4 e4
22. Rc2 exd3 23. Qxd3 Re8 24. Bf3 Qd7 25. Rb1 Kf7 26. Nc3 Re7 27. Re2 Rxe2 28.
Bxe2 Re8 29. Rb5 Qd8 30. Kf2 Qc7 31. Nb1 Ra8 32. Nd2 b6 33. Nf3 h6 34. Qb1 Ra6
35. Bd3 Qd8 36. Rb2 Nb7 37. h3 Na5 38. g4 Qc7 39. gxf5 gxf5 40. Bxf5 Nxc4 41.
Re2 Kf8 42. Be6 1-0

[Event "Biel-B"]
[Site "Biel SUI"]
[Date "1990.??.??"]
[Round "3"]
[White "Costa, Jean Luc"]
[Black "Spraggett, Kevin"]
[Result "0-1"]
[WhiteElo "2405"]
[BlackElo "2540"]
[PlyCount "77"]
[EventDate "1990.??.??"]
[EventType "tourn"]
[EventRounds "11"]
[EventCountry "SUI"]
[EventCategory "10"]

1. d4 Nf6 2. Bg5 d6 3. Nf3 Nbd7 4. Nc3 h6 5. Bh4 e5 6. e4 c6 7. a4 Be7 8. Bc4
O-O 9. O-O Re8 10. Re1 Qa5 11. Qd2 Qb4 12. Bb3 a5 13. Rad1 Bf8 14. h3 Nh5 15.
Kh2 g6 16. g4 Nf4 17. Bg3 Ne6 18. Kg2 exd4 19. Nxd4 Ndc5 20. Bxe6 Bxe6 21. b3
Bd7 22. f3 Rad8 23. Nce2 Qb6 24. Bh4 Rc8 25. Bf2 Qc7 26. h4 Nxe4 27. fxe4 Rxe4
28. Nf4 Rxe1 29. Rxe1 Bxg4 30. Bg3 Bg7 31. Nh3 Rd8 32. Nf2 Bc8 33. Nf3 c5 34.
Ne4 b6 35. Nxd6 Bb7 36. Qf4 Bc6 37. Kf2 Qd7 38. Ne4 f5 39. Nd6 0-1

[Event "Biel-B"]
[Site "Biel SUI"]
[Date "1990.??.??"]
[Round "4"]
[White "Spraggett, Kevin"]
[Black "Groszpeter, Attila"]
[Result "1-0"]
[WhiteElo "2540"]
[BlackElo "2555"]
[PlyCount "71"]
[EventDate "1990.??.??"]
[EventType "tourn"]
[EventRounds "11"]
[EventCountry "SUI"]
[EventCategory "10"]

1. d4 Nf6 2. c4 g6 3. g3 Bg7 4. Bg2 O-O 5. Nc3 d6 6. Nf3 Nbd7 7. O-O e5 8. h3
Re8 9. e4 exd4 10. Nxd4 Nc5 11. Re1 Bd7 12. Rb1 Qc8 13. g4 h5 14. f3 a6 15. Be3
Rb8 16. Nb3 hxg4 17. hxg4 Ne6 18. Qd2 Nf8 19. Rbc1 Be6 20. Nd5 N6d7 21. Nd4 c5
22. Nxe6 Nxe6 23. f4 Nf6 24. Nxf6+ Bxf6 25. g5 Bd4 26. Qf2 Kg7 27. Bh3 Rh8 28.
Bxd4+ cxd4 29. Bg4 Qc5 30. b4 Qxb4 31. Bxe6 fxe6 32. Qxd4+ Kg8 33. Kg2 Qa3 34.
Rh1 Qxa2+ 35. Kg3 Rh5 36. Qf6 1-0

[Event "Biel-B"]
[Site "Biel SUI"]
[Date "1990.??.??"]
[Round "7"]
[White "D'Amore, Carlo"]
[Black "Spraggett, Kevin"]
[Result "0-1"]
[WhiteElo "2425"]
[BlackElo "2540"]
[PlyCount "66"]
[EventDate "1990.??.??"]
[EventType "tourn"]
[EventRounds "11"]
[EventCountry "SUI"]
[EventCategory "10"]

1. Nf3 d6 2. d4 g6 3. g3 Bg7 4. Bg2 f5 5. c3 Nf6 6. Qb3 c6 7. O-O e6 8. Nbd2
O-O 9. Qc2 Nbd7 10. e4 d5 11. exd5 exd5 12. c4 Re8 13. b3 Nf8 14. cxd5 cxd5 15.
Bb2 Be6 16. Rfc1 Ne4 17. Nxe4 dxe4 18. Ne5 Bd5 19. Nc4 Ne6 20. Rd1 Rc8 21. Qd2
f4 22. Rac1 e3 23. fxe3 f3 24. Bf1 Ng5 25. Qf2 Ne4 26. Qxf3 Ng5 27. Qg4 h5 28.
Qe2 Nf3+ 29. Kh1 Nxd4+ 30. Qg2 Bxg2+ 31. Bxg2 b5 32. Bxd4 Bxd4 33. Rxd4 Qe7 0-1

[Event "Biel-B"]
[Site "Biel SUI"]
[Date "1990.??.??"]
[Round "8"]
[White "Brunner, Lucas"]
[Black "Spraggett, Kevin"]
[Result "1/2-1/2"]
[WhiteElo "2475"]
[BlackElo "2540"]
[PlyCount "53"]
[EventDate "1990.??.??"]
[EventType "tourn"]
[EventRounds "11"]
[EventCountry "SUI"]
[EventCategory "10"]

1. e4 c5 2. Nf3 Nc6 3. d4 cxd4 4. Nxd4 e5 5. Nb5 d6 6. Be3 a6 7. N5c3 Nf6 8.
Bc4 Na5 9. Be2 Be7 10. a4 Bd7 11. Na3 Rb8 12. Nd5 Nxd5 13. exd5 b5 14. axb5
axb5 15. b4 Nc4 16. Nxc4 bxc4 17. c3 Bb5 18. O-O O-O 19. Ra5 Rb7 20. Qd2 f5 21.
Rfa1 f4 22. Ba7 Qd7 23. Qc2 Bd8 24. R5a3 Bh4 25. Ra5 Bd8 26. R5a3 Bh4 27. Ra5
1/2-1/2

[Event "El Corte Ingles op"]
[Site "El Corte Ingles ESP"]
[Date "1990.??.??"]
[Round "2"]
[White "Spraggett, Kevin"]
[Black "Martin Gonzalez, Alejandro"]
[Result "1/2-1/2"]
[WhiteElo "2540"]
[BlackElo "2415"]
[PlyCount "104"]
[EventDate "1990.??.??"]
[EventType "swiss"]
[EventRounds "9"]
[EventCountry "ESP"]
[Source "ChessBase"]
[SourceDate "2003.11.25"]

1. c4 c5 2. g3 Nc6 3. Bg2 g6 4. Nc3 Bg7 5. a3 a5 6. d3 e5 7. e3 Nge7 8. Nge2 d6
9. Rb1 O-O 10. O-O Rb8 11. Bd2 Be6 12. e4 Qd7 13. Nb5 f5 14. f3 fxe4 15. fxe4
Bg4 16. Kh1 Kh8 17. Rxf8+ Rxf8 18. Qe1 a4 19. Ng1 Nd4 20. Nxd4 exd4 21. b4 Nc6
22. Bf4 cxb4 23. axb4 b5 24. Qd2 Ne5 25. Rc1 a3 26. c5 dxc5 27. bxc5 Nc6 28.
Bd6 Ra8 29. e5 b4 30. Bd5 Be6 31. Qa2 Bxd5+ 32. Qxd5 Qb7 33. e6 b3 34. e7 b2
35. Rf1 Na5 36. c6 Qxc6 37. Qxc6 Nxc6 38. Bxa3 Nxe7 39. Bxb2 Ra2 40. Rf2 Ra6
41. Re2 Bf6 42. Nf3 Ra2 43. g4 h6 44. h4 Kg8 45. Re6 Kf7 46. Rb6 Nd5 47. Rb7+
Ke6 48. g5 hxg5 49. hxg5 Be5 50. Rb5 Ra4 51. Kg1 Rb4 52. Rxb4 Nxb4 1/2-1/2

[Event "El Corte Ingles op"]
[Site "El Corte Ingles ESP"]
[Date "1990.??.??"]
[Round "3"]
[White "Garcia Padron, Jose"]
[Black "Spraggett, Kevin"]
[Result "1-0"]
[WhiteElo "2420"]
[BlackElo "2540"]
[PlyCount "80"]
[EventDate "1990.??.??"]
[EventType "swiss"]
[EventRounds "9"]
[EventCountry "ESP"]
[Source "ChessBase"]
[SourceDate "2003.11.25"]

1. d4 d6 2. c4 g6 3. Nc3 Bg7 4. e4 Nf6 5. Nf3 O-O 6. Be2 e5 7. O-O Nc6 8. d5
Ne7 9. Nd2 a5 10. Rb1 Nd7 11. a3 f5 12. b4 Kh8 13. Nb3 axb4 14. axb4 Nf6 15. f3
Nh5 16. g3 Nf6 17. Bd2 Neg8 18. Ra1 Rxa1 19. Qxa1 Bh6 20. c5 fxe4 21. fxe4 Bh3
22. Rf2 Ng4 23. Rxf8 Qxf8 24. Bxg4 Bxg4 25. Qf1 Qe7 26. Qc1 Bxd2 27. Qxd2 Kg7
28. Qe3 Bh3 29. Nd1 Nf6 30. Nf2 Bc8 31. Kg2 h6 32. Na5 g5 33. Nc4 Ne8 34. Qa3
Kg6 35. Qa8 Qd8 36. g4 h5 37. h3 hxg4 38. hxg4 Kg7 39. Na5 dxc5 40. bxc5 Qe7
1-0

[Event "El Corte Ingles op"]
[Site "El Corte Ingles ESP"]
[Date "1990.??.??"]
[Round "5"]
[White "Spraggett, Kevin"]
[Black "Villavicencio Martinez, Adalberto"]
[Result "0-1"]
[WhiteElo "2540"]
[BlackElo "2320"]
[PlyCount "120"]
[EventDate "1990.??.??"]
[EventType "swiss"]
[EventRounds "9"]
[EventCountry "ESP"]
[Source "ChessBase"]
[SourceDate "2003.11.25"]

1. g3 g6 2. Bg2 Bg7 3. d3 d6 4. c4 c5 5. Nc3 Nc6 6. Qd2 e6 7. Bxc6+ bxc6 8. f4
Ne7 9. b3 e5 10. Bb2 O-O 11. O-O-O exf4 12. gxf4 Nf5 13. Kb1 Qe7 14. e4 Nd4 15.
h4 Bg4 16. Rf1 f5 17. h5 gxh5 18. Rh2 a5 19. Qe3 fxe4 20. dxe4 Rae8 21. Nh3 a4
22. bxa4 Qe6 23. Qd3 Rb8 24. Ng5 Qg6 25. Rff2 Rb7 26. a5 Ra7 27. Nh3 Rxa5 28.
f5 Qf7 29. Nf4 Ra7 30. Rhg2 Kh8 31. Qf1 Rb8 32. f6 Bh6 33. Qd3 Rab7 34. Ka1
Qxf6 35. Nxh5 Qg5 36. Nf4 Rxb2 37. Rxb2 Rxb2 38. Rxb2 Qxf4 39. Rb8+ Kg7 40.
Rb7+ Kg8 41. Rb8+ Kg7 42. Rb7+ Kf6 43. a4 Qc1+ 44. Ka2 Qd2+ 45. Qxd2 Bxd2 46.
Kb2 Be6 47. Rxh7 Bxc4 48. Rh4 Ba6 49. Rh8 Bxc3+ 50. Kxc3 Ke5 51. Re8+ Ne6 52.
Ra8 Bf1 53. Rc8 Kxe4 54. Rxc6 Kd5 55. Rc8 Ba6 56. Rh8 Kc6 57. Rh6 Nc7 58. Kd2
Nd5 59. Kc2 Nb6 60. Rh5 c4 0-1

[Event "El Corte Ingles op"]
[Site "El Corte Ingles ESP"]
[Date "1990.??.??"]
[Round "9"]
[White "Cramling, Pia"]
[Black "Spraggett, Kevin"]
[Result "1/2-1/2"]
[WhiteElo "2470"]
[BlackElo "2555"]
[PlyCount "50"]
[EventDate "1990.??.??"]
[EventType "swiss"]
[EventRounds "9"]
[EventCountry "ESP"]
[Source "ChessBase"]
[SourceDate "2003.11.25"]

1. d4 f5 2. g3 Nf6 3. Bg2 g6 4. Nf3 Bg7 5. O-O O-O 6. c4 d6 7. Nc3 Nc6 8. d5
Na5 9. Nd2 c5 10. Qc2 e5 11. dxe6 Bxe6 12. Rd1 Qe7 13. Qa4 Nc6 14. Nf3 Ne4 15.
Nd5 Bxd5 16. Rxd5 a6 17. a3 Rfe8 18. Qc2 Nf6 19. Bg5 Qxe2 20. Qxe2 Rxe2 21.
Bxf6 Bxf6 22. Rxd6 Rf8 23. h4 f4 24. g4 Nd4 25. Rb6 Nxf3+ 1/2-1/2

[Event "Tarrassa"]
[Site "Tarrassa ESP"]
[Date "1990.??.??"]
[Round "7"]
[White "Romero Holmes, Alfonso"]
[Black "Spraggett, Kevin"]
[Result "0-1"]
[WhiteElo "2460"]
[BlackElo "2555"]
[PlyCount "69"]
[EventDate "1990.??.??"]
[EventType "tourn"]
[EventRounds "10"]
[EventCountry "ESP"]
[EventCategory "11"]

1. e4 d6 2. d4 g6 3. Be2 Bg7 4. h4 h5 5. Be3 c6 6. Qd2 d5 7. Nc3 Nh6 8. e5 a5
9. O-O-O Na6 10. f3 Nc7 11. Kb1 a4 12. g4 a3 13. Bxh6 Bxh6 14. g5 Bf8 15. b3
Ne6 16. Bf1 Ng7 17. Nge2 Bf5 18. Ng3 e6 19. Bd3 Bb4 20. Bxf5 Qa5 21. Bh3 Bxc3
22. Qe3 c5 23. dxc5 Bb4 24. c4 dxc4 25. Ne4 O-O 26. bxc4 Rfc8 27. Rd7 Bxc5 28.
Qd3 Bg1 29. Qb3 Ra6 30. Rxb7 Qe1+ 31. Kc2 Rac6 32. Rb8 Rxc4+ 33. Qxc4 Rxb8 34.
Nc3 Rb2+ 35. Kd3 0-1

[Event "Vienna op"]
[Site "Vienna AUT"]
[Date "1990.??.??"]
[Round "1"]
[White "Spraggett, Kevin"]
[Black "Beni, Alfred"]
[Result "1-0"]
[WhiteElo "2540"]
[BlackElo "2210"]
[PlyCount "83"]
[EventDate "1990.??.??"]
[EventType "swiss"]
[EventRounds "9"]
[EventCountry "AUT"]

1. d4 Nf6 2. c4 g6 3. Nc3 Bg7 4. e4 d6 5. Nf3 O-O 6. h3 Nbd7 7. Bg5 e5 8. d5 h6
9. Be3 Nc5 10. Nd2 a5 11. g4 Ne8 12. Be2 f5 13. gxf5 gxf5 14. exf5 Bxf5 15. Nb3
b6 16. Nxc5 dxc5 17. Rg1 Kh7 18. Bg4 Nd6 19. Bxf5+ Rxf5 20. Qc2 Qh4 21. b3 e4
22. O-O-O Qf6 23. Kd2 Qxc3+ 24. Qxc3 Bxc3+ 25. Kxc3 Rf3 26. Rg3 Raf8 27. Rdg1
Rxg3 28. Rxg3 Rf6 29. Kd2 a4 30. Rg4 axb3 31. axb3 Rf3 32. Rh4 Rf6 33. Kc3 Kg7
34. b4 cxb4+ 35. Kxb4 Rg6 36. Bf4 Rg2 37. Rg4+ Rxg4 38. hxg4 Ne8 39. Kb5 Nf6
40. Be5 Kg6 41. Bxf6 Kxf6 42. Kc6 1-0

[Event "Vienna op"]
[Site "Vienna AUT"]
[Date "1990.??.??"]
[Round "8"]
[White "Honfi, Karoly"]
[Black "Spraggett, Kevin"]
[Result "1-0"]
[WhiteElo "2345"]
[BlackElo "2540"]
[PlyCount "123"]
[EventDate "1990.??.??"]
[EventType "swiss"]
[EventRounds "9"]
[EventCountry "AUT"]

1. e4 g6 2. d4 Bg7 3. c3 d6 4. Nf3 Nc6 5. Bc4 Nf6 6. Qe2 e5 7. dxe5 Nxe5 8.
Nxe5 dxe5 9. Bg5 h6 10. Bh4 c6 11. Nd2 Qc7 12. O-O Nh5 13. Rfd1 Nf4 14. Qe3 O-O
15. a4 Kh8 16. a5 f5 17. f3 Ne6 18. b4 f4 19. Qe2 g5 20. Bf2 Rf6 21. Bb3 Rg6
22. Nc4 g4 23. fxg4 Ng5 24. Kh1 Be6 25. Nd2 Rg8 26. Bxe6 Nxe6 27. Bxa7 Bf6 28.
Qc4 Qe7 29. Nf3 Rxg4 30. Ra2 Nc7 31. Rad2 Nb5 32. Bc5 Qe8 33. Rg1 R4g7 34. Bf2
Qh5 35. Qe6 Rg6 36. Qf5 Qxf5 37. exf5 R6g7 38. Bh4 Bxh4 39. Nxh4 Nxc3 40. Ng6+
Kh7 41. Re1 e4 42. Rc2 Nd5 43. Rxe4 Ne3 44. Rd2 Nxf5 45. Nxf4 Rf7 46. Kg1 Ra8
47. Ne6 Kg8 48. Nd8 Rg7 49. Kf2 Kh7 50. Rf4 Ne7 51. Ne6 Ng6 52. Nxg7 Nxf4 53.
Nf5 Nd5 54. Rd4 Kg6 55. Nd6 Rf8+ 56. Ke2 b6 57. axb6 Nxb6 58. Nc4 Re8+ 59. Kd3
Nd5 60. Na5 Re3+ 61. Kd2 Ra3 62. Nxc6 1-0

[Event "Vienna op"]
[Site "Vienna AUT"]
[Date "1990.??.??"]
[Round "9"]
[White "Spraggett, Kevin"]
[Black "Schroll, Gerhard"]
[Result "0-1"]
[WhiteElo "2540"]
[BlackElo "2265"]
[PlyCount "128"]
[EventDate "1990.??.??"]
[EventType "swiss"]
[EventRounds "9"]
[EventCountry "AUT"]

1. d4 Nf6 2. c4 g6 3. g3 Bg7 4. Bg2 O-O 5. Nc3 d6 6. Nf3 Nbd7 7. O-O e5 8. e4
c6 9. h3 Qb6 10. Re1 exd4 11. Nxd4 Ne8 12. Nb3 Qb4 13. Bf1 Nc5 14. Nd4 a5 15.
Rb1 a4 16. a3 Qa5 17. Bf4 Be5 18. Be3 Ng7 19. f4 Bf6 20. Bf2 Rd8 21. Qc2 Nge6
22. Nf3 Bd7 23. Rbd1 Be8 24. Kh2 Nb3 25. Be3 Bg7 26. f5 Nec5 27. Bf4 Qc7 28. g4
f6 29. Kh1 g5 30. Bg3 Bf7 31. h4 h6 32. Nd4 Bf8 33. Nf3 Na5 34. Nb1 Nab3 35.
hxg5 hxg5 36. Nc3 Na5 37. Qf2 Bxc4 38. Qd4 Qf7 39. e5 dxe5 40. Qxd8 Rxd8 41.
Rxd8 Bxf1 42. Rxf1 Qc4 43. Nh2 Nab3 44. Rfd1 Kf7 45. Kg2 Be7 46. Rb8 b5 47. Nf1
Nd4 48. Ne3 Qb3 49. Rh1 Qxb2+ 50. Bf2 Bf8 51. Rh8 Nd7 52. Ned1 Qxa3 53. Rb7 Ke8
54. Bxd4 exd4 55. Ne4 Qe7 56. Ndf2 a3 57. Ra7 b4 58. Nd2 Qc5 59. Ra8+ Kf7 60.
Nfe4 Qd5 61. Rh7+ Bg7 62. Kf2 c5 63. Ra7 a2 64. Rh1 Kg8 0-1

[Event "Clermont Ferrand"]
[Site "Clermont Ferrand FRA"]
[Date "1989.??.??"]
[Round "?"]
[White "Spassky, Boris"]
[Black "Spraggett, Kevin"]
[Result "1/2-1/2"]
[WhiteElo "2580"]
[BlackElo "2585"]
[PlyCount "81"]
[EventDate "1989.07.??"]
[EventType "tourn"]
[EventRounds "11"]
[EventCountry "FRA"]
[EventCategory "14"]

1. d4 Nf6 2. Nf3 d6 3. Nc3 Bf5 4. Nh4 Bd7 5. e4 e5 6. Nf3 Nc6 7. Be2 g6 8. dxe5
dxe5 9. O-O a6 10. Bg5 h6 11. Bxf6 Qxf6 12. Nd5 Qd8 13. Qd3 Bg7 14. Rad1 Nd4
15. Nxd4 exd4 16. Qa3 Bc6 17. Rfe1 h5 18. Bc4 Rb8 19. c3 dxc3 20. e5 Bxd5 21.
Rxd5 Qe7 22. Qxc3 O-O 23. Qd2 Rbd8 24. Qc2 b5 25. Bb3 Rxd5 26. Bxd5 Rd8 27. Qc6
Kh7 28. Kf1 Bxe5 29. f4 Qf6 30. Qxf6 Bxf6 31. Bxf7 Rf8 32. Be8 Bxb2 33. g3 c5
34. Re6 Rf6 35. Rxf6 Bxf6 36. Bc6 b4 37. Bd5 a5 38. Bb3 Kg7 39. Ke2 Bd4 40. h3
Kf6 41. g4 1/2-1/2

[Event "Clermont Ferrand"]
[Site "Clermont Ferrand FRA"]
[Date "1989.??.??"]
[Round "?"]
[White "Spraggett, Kevin"]
[Black "Sax, Gyula"]
[Result "1-0"]
[WhiteElo "2585"]
[BlackElo "2580"]
[PlyCount "107"]
[EventDate "1989.07.??"]
[EventType "tourn"]
[EventRounds "11"]
[EventCountry "FRA"]
[EventCategory "14"]

1. Nf3 Nf6 2. c4 c5 3. b3 g6 4. Bb2 Bg7 5. g3 b6 6. Bg2 Bb7 7. O-O O-O 8. e3 e6
9. Qe2 d5 10. d4 Qe7 11. Nc3 Na6 12. Rfd1 Rfd8 13. Rac1 dxc4 14. bxc4 Ne4 15.
Nb5 Nb4 16. Ba1 a6 17. Nc3 b5 18. Nxe4 Bxe4 19. a3 Nc6 20. cxb5 axb5 21. Rxc5
Rxa3 22. Rxb5 Nb4 23. Ne1 Bxg2 24. Kxg2 Rc8 25. Qb2 Nd5 26. Rc1 Rxc1 27. Rb8+
Bf8 28. Qxc1 Qd6 29. Rc8 Nb6 30. Rc2 Qd5+ 31. Kg1 Bb4 32. Bb2 Ra8 33. Nd3 Bf8
34. Ne5 f6 35. Nd3 Qe4 36. Nc5 Qg4 37. Kg2 Re8 38. e4 f5 39. f3 Qh5 40. Qf1
fxe4 41. fxe4 Bg7 42. Rf2 g5 43. Qb5 Nc8 44. Qc6 Qg6 45. g4 Kh8 46. h3 Kg8 47.
Bc3 e5 48. Qd5+ Kh8 49. dxe5 Ne7 50. Qd7 Qc6 51. Rf6 Qxd7 52. Nxd7 Ng6 53. Rb6
Nxe5 54. Nxe5 1-0

[Event "Correze m"]
[Site "Correze FRA"]
[Date "1989.??.??"]
[Round "3"]
[White "Spraggett, Kevin"]
[Black "Lautier, Joel"]
[Result "0-1"]
[WhiteElo "2575"]
[BlackElo "2450"]
[PlyCount "80"]
[EventDate "1989.??.??"]
[EventType "match"]
[EventRounds "6"]
[EventCountry "FRA"]

1. c4 e5 2. Nc3 Nf6 3. Nf3 Nc6 4. d3 d5 5. cxd5 Nxd5 6. e4 Nb6 7. Be2 Be7 8.
Be3 O-O 9. O-O f5 10. exf5 Bxf5 11. Ne4 Qd5 12. Qc2 Rac8 13. a3 a5 14. Rac1 Nd4
15. Bxd4 exd4 16. Nfd2 Rfd8 17. Bf3 Qb5 18. Rfe1 Bf8 19. Nc5 Bxc5 20. Qxc5 c6
21. Ne4 Na4 22. Qxb5 cxb5 23. Rxc8 Bxc8 24. Ng5 g6 25. Re7 Nxb2 26. Nxh7 Bf5
27. Rxb7 Nxd3 28. Nf6+ Kf8 29. Nh7+ Kg8 30. Nf6+ Kf8 31. Rxb5 Kg7 32. Nd5 Rc8
33. h4 Ne5 34. Ne7 Rc1+ 35. Kh2 Nxf3+ 36. gxf3 Be6 37. Nd5 d3 38. Rb7+ Kf8 39.
Nf4 d2 40. Nxe6+ Ke8 0-1

[Event "Marseille"]
[Site "Marseille FRA"]
[Date "1989.??.??"]
[Round "?"]
[White "Dorfman, Itzhak"]
[Black "Spraggett, Kevin"]
[Result "1/2-1/2"]
[WhiteElo "2565"]
[BlackElo "2575"]
[PlyCount "68"]
[EventDate "1989.??.??"]
[EventType "tourn"]
[EventRounds "8"]
[EventCountry "FRA"]
[EventCategory "9"]
[Source "ChessBase"]
[SourceDate "1997.11.17"]

1. d4 Nf6 2. c4 g6 3. Nc3 Bg7 4. e4 d6 5. Nf3 O-O 6. Be2 c5 7. O-O Bg4 8. Be3
Bxf3 9. Bxf3 cxd4 10. Bxd4 Nc6 11. Be3 Qa5 12. Rc1 Nd7 13. a3 Rac8 14. Be2 Rfe8
15. f3 a6 16. Kh1 Nc5 17. Re1 Ne6 18. Bf1 Qh5 19. Rc2 Be5 20. h3 Bg3 21. Bf2
Bxf2 22. Rxf2 Qh4 23. Qd2 Ne5 24. b3 Nf4 25. Re3 e6 26. Kh2 Nh5 27. Kg1 Qg5 28.
Ne2 Nf4 29. Kh2 Nxe2 30. Bxe2 Qe7 31. Rf1 Nc6 32. f4 Rcd8 33. Rd3 d5 34. cxd5
exd5 1/2-1/2

[Event "Marseille"]
[Site "Marseille FRA"]
[Date "1989.??.??"]
[Round "?"]
[White "Kozul, Zdenko"]
[Black "Spraggett, Kevin"]
[Result "1/2-1/2"]
[WhiteElo "2490"]
[BlackElo "2575"]
[PlyCount "80"]
[EventDate "1989.??.??"]
[EventType "tourn"]
[EventRounds "8"]
[EventCountry "FRA"]
[EventCategory "9"]
[Source "ChessBase"]
[SourceDate "1997.11.17"]

1. d4 e6 2. c4 f5 3. g3 Nf6 4. Bg2 c6 5. Nf3 d5 6. O-O Bd6 7. Nbd2 O-O 8. Ne5
Nbd7 9. Ndf3 Ne4 10. Qc2 Qe7 11. Bf4 g5 12. Nxd7 Bxd7 13. Bxd6 Nxd6 14. Ne5 Be8
15. Rae1 Rd8 16. e3 Nf7 17. Nd3 Nd6 18. c5 Ne4 19. f3 Nf6 20. b4 h5 21. Ne5 Nd7
22. Nxd7 Rxd7 23. f4 Qf6 24. fxg5 Qxg5 25. Rf4 Bg6 26. Kf2 Rh7 27. h4 Qf6 28.
Qc3 Rg7 29. e4 dxe4 30. Bxe4 fxe4 31. Rxf6 Rxf6+ 32. Kg2 Rf3 33. Re3 Rgf7 34.
Qe1 Kg7 35. a4 a6 36. Qe2 Kh7 37. Qe1 Kg7 38. Kg1 Kh7 39. Qe2 Kg7 40. Qe1 Kh7
1/2-1/2

[Event "Marseille"]
[Site "Marseille FRA"]
[Date "1989.??.??"]
[Round "?"]
[White "Spraggett, Kevin"]
[Black "Andruet, Gilles"]
[Result "1-0"]
[WhiteElo "2575"]
[BlackElo "2420"]
[PlyCount "47"]
[EventDate "1989.??.??"]
[EventType "tourn"]
[EventRounds "8"]
[EventCountry "FRA"]
[EventCategory "9"]
[Source "ChessBase"]
[SourceDate "1997.11.17"]

1. g3 d5 2. Bg2 e5 3. c4 d4 4. d3 c5 5. Nf3 Nc6 6. O-O Bd6 7. e3 Nge7 8. exd4
exd4 9. Nbd2 f5 10. a3 a5 11. Nh4 O-O 12. f4 a4 13. Ndf3 Bd7 14. Re1 Qc7 15.
Rb1 Na5 16. Ng5 g6 17. b4 axb3 18. Bd2 Rfb8 19. Qf3 Kg7 20. Bxa5 Rxa5 21. Rxb3
Qc8 22. Qe2 h6 23. Qxe7+ Bxe7 24. Rxe7+ 1-0

[Event "Paris-ch"]
[Site "Paris FRA"]
[Date "1989.??.??"]
[Round "1"]
[White "Andruet, Gilles"]
[Black "Spraggett, Kevin"]
[Result "0-1"]
[WhiteElo "2420"]
[BlackElo "2575"]
[PlyCount "82"]
[EventDate "1989.??.??"]
[EventType "swiss"]
[EventRounds "9"]
[EventCountry "FRA"]

1. d4 Nf6 2. c4 d6 3. Nc3 Nbd7 4. e4 e5 5. d5 Be7 6. Bd3 O-O 7. h3 c6 8. Be3 g6
9. Qd2 a6 10. Nge2 cxd5 11. cxd5 b5 12. a3 Nb6 13. b3 Nfd7 14. Bh6 Re8 15. g4
Nc5 16. Bc2 Bd7 17. Nd1 a5 18. Ne3 Ra7 19. Kf1 Qa8 20. Kg2 Rc8 21. Rhb1 Rac7
22. Ra2 Bf8 23. Bg5 Bg7 24. Bh4 f6 25. Bg3 Bh6 26. f4 Re8 27. g5 fxg5 28. fxe5
dxe5 29. Ng4 Bxg4 30. hxg4 Qc8 31. Rh1 Qxg4 32. Rxh6 a4 33. Qe3 Rf8 34. Rb2
axb3 35. Bxb3 Nxb3 36. Rxb3 Nc4 37. Qd3 Rcf7 38. Rh2 Rf3 39. Qxf3 Rxf3 40. Rxf3
Qxe4 41. Nc3 Ne3+ 0-1

[Event "Paris-ch"]
[Site "Paris FRA"]
[Date "1989.??.??"]
[Round "2"]
[White "Spraggett, Kevin"]
[Black "Taimanov, Mark"]
[Result "1-0"]
[WhiteElo "2575"]
[BlackElo "2480"]
[PlyCount "61"]
[EventDate "1989.??.??"]
[EventType "swiss"]
[EventRounds "9"]
[EventCountry "FRA"]

1. c4 e5 2. g3 Nc6 3. Bg2 g6 4. Nc3 Bg7 5. e4 d6 6. Nge2 f5 7. d3 Nf6 8. O-O
O-O 9. exf5 Bxf5 10. h3 h5 11. Be3 Qd7 12. Kh2 Rae8 13. Qd2 Nb4 14. Ne4 c5 15.
N2c3 Nxe4 16. Nxe4 Nc6 17. Rab1 b6 18. a3 Nd4 19. Bxd4 exd4 20. h4 Bf6 21. b4
Kg7 22. a4 Bxe4 23. Bxe4 Qxa4 24. Ra1 Qxb4 25. Rxa7+ Re7 26. Rxe7+ Bxe7 27. Qe2
Bd8 28. Ra1 Rf7 29. Ra8 Bf6 30. Bd5 Re7 31. Qf3 1-0

[Event "Paris-ch"]
[Site "Paris FRA"]
[Date "1989.??.??"]
[Round "3"]
[White "Razuvaev, Yuri"]
[Black "Spraggett, Kevin"]
[Result "0-1"]
[WhiteElo "2550"]
[BlackElo "2575"]
[PlyCount "68"]
[EventDate "1989.??.??"]
[EventType "swiss"]
[EventRounds "9"]
[EventCountry "FRA"]

1. d4 Nf6 2. c4 g6 3. Nc3 Bg7 4. e4 d6 5. f3 O-O 6. Be3 e5 7. d5 Nh5 8. Qd2
Qh4+ 9. Bf2 Qe7 10. O-O-O f5 11. exf5 gxf5 12. Nh3 Na6 13. Bd3 Bd7 14. Rhg1 Nc5
15. Bc2 a5 16. Rde1 Kh8 17. g4 fxg4 18. fxg4 Rf3 19. Bxc5 Rxh3 20. Be3 Nf6 21.
Bd1 Rg8 22. g5 Nh5 23. g6 Qh4 24. gxh7 Rf8 25. Rg5 Nf6 26. Rxg7 Kxg7 27. Bg5
Qxh7 28. Bxf6+ Rxf6 29. Ne4 Rf4 30. Qxa5 Rxe4 31. Rg1+ Kf6 32. Qxc7 Qe7 33. Bc2
Bf5 34. Qb8 Rxc4 0-1